000 00301nam a2200133Ia 4500
008 191201s2012 xx 000 0 und d
100 _aGUPTA,MK
245 0 _aFinancial Accounting
250 _aRep
260 _aN. delhi
_bShree Mahavir
_c2012
300 _a434
650 _aMBA
942 _2ddc
_cBK
_02
999 _c5569
_d5569